| 000 | 01307nam a2200277 a 4500 | ||
|---|---|---|---|
| 003 | OSt | ||
| 005 | 20250811115749.0 | ||
| 007 | cr ||||||a|c|a | ||
| 008 | 240424s2023 mx a|||fom||| 001 0 spa d | ||
| 040 | _erda | ||
| 100 | 1 |
_9189004 _aLucas Ruiz, Flor Isabel |
|
| 245 | 1 | 0 |
_aIdentificación morfológica y molecular de la mosca negra, Bradysia impatiens Johassens, 1912 (Diptera: Sciaridae) en el cultivo de lilis (Lilium sp.) en Ocotlán de Morelos, Oaxaca, México / _cpor Flor Isabel Lucas Ruiz ; director de tesis Jaime Alfredo Urzúa Gutiérrez. |
| 264 | 1 |
_aChapingo, México : _bEl autor, _c2023. |
|
| 300 |
_a1 recurso en línea (39 páginas): _bfiguras. |
||
| 336 |
_2rdacontent _atexto _btxt |
||
| 337 |
_2rdamedia _acomputadora _bc |
||
| 338 |
_2rdacarrier _arecurso en línea _bcr |
||
| 502 |
_bIAEPA _cParasitología _d2023. _gLIC |
||
| 504 | _aIncluye referencias bibliográficas: páginas 30-39. | ||
| 650 | 7 |
_aBradysia impatiens _xFisiología y morfología _2 _9188629 |
|
| 650 | 4 |
_9188628 _aBradysia impatiens _xIdentificación |
|
| 650 | 4 |
_9174429 _aLilium _xPlagas |
|
| 700 | 1 |
_9117018 _aUrzúa Gutiérrez, Jaime Alfredo _eDirector de tesis. |
|
| 856 |
_uhttp://10.13.5.2/tesis/tl/1511425-4_LUCAS_RUIZ_FLOR.pdf _zDESCARGAR PDF |
||
| 942 |
_2Clasificación Universidad Autónoma Chapingo _cTD |
||
| 999 |
_c219878 _d219878 |
||